Normal view
MARC view
- الشعر العربي - تحليل ونقد
Entry Topical Term
001 - CONTROL NUMBER
- control field: 47643
003 - CONTROL NUMBER IDENTIFIER
- control field: JO-AjAnu
005 - DATE AND TIME OF LATEST TRANSACTION
- control field: 20230606081850.0
008 - FIXED-LENGTH DATA ELEMENTS
- fixed length control field: 230606|| aca||aabn | a|a d
040 ## - CATALOGING SOURCE
- Original cataloging agency: JO-AjAnu
- Transcribing agency: JO-AjAnu
150 ## - HEADING--TOPICAL TERM
- Topical term or geographic name entry element: الشعر العربي - تحليل ونقد
670 ## - SOURCE DATA FOUND
- Source citation: Work cat.: (JO-AjAnu)24379: تأليف الأزرعي، سليمان, author 47642, الكلمة والرصاصة: دراسة في حياة وآثار الشاعر الراحل تيسير سبول